000 00538nam a2200205 i 4500
001 14587
003 ES-MaACL
007 t|
008 990427s1999 sp ||||1| spa d
020 _a84-321-3238-1
080 _a821.134.2-14"19"
100 1 _aBorrás, Raul.
_930555
245 1 0 _aDiluvio en la mirada /
_cRaúl Borrás.
260 _aMadrid :
_bRialp,
_c1998.
300 _a62 p. ;
_c18 cm.
490 1 _aAdonais ;
_v543
830 0 0 _aAdonáis
_v543
_9173743
852 _aES-MaACL
_jJ-23-543
_bR.127186
999 _c14587
_d14587